KOHA-Header-6

Cambridge IELTS (Record no. 1993)

000 -LEADER
fixed length control field 00337nam a2200133Ia 4500
008 - FIXED-LENGTH DATA ELEMENTS--GENERAL INFORMATION
fixed length control field 190723s9999 xx 000 0 und d
020 ## - INTERNATIONAL STANDARD BOOK NUMBER
International Standard Book Number 978-0-521-49767-1
100 ## - MAIN ENTRY--PERSONAL NAME
Personal name Cambridge University Press
245 #0 - TITLE STATEMENT
Title Cambridge IELTS
250 ## - EDITION STATEMENT
Edition statement 01 V
260 ## - PUBLICATION, DISTRIBUTION, ETC. (IMPRINT)
Place of publication, distribution, etc Cambridge
Name of publisher, distributor, etc Cambridge university Press
Date of publication, distribution, etc 2012
300 ## - PHYSICAL DESCRIPTION
Extent 156:p
942 ## - ADDED ENTRY ELEMENTS (KOHA)
Koha item type Books
Holdings
Withdrawn status Lost status Source of classification or shelving scheme Damaged status Not for loan Collection code Permanent Location Current Location Shelving location Date acquired Total Checkouts Total Renewals Full call number Barcode Checked out Date last seen Date checked out Price effective from Koha item type
          Aptitude Tests MAJU MAJU Shelf No.A22 2019-07-23 7 2 428 8616 2025-09-14 2025-03-17 2025-03-17 2019-07-23 Aptitude Tests

Powered by Koha